Majstrov sen sa splnil Päťtisíc návštevníkov v Múzeu V. Löfflera

Bibliographic Details
Main Author: Holinková, Valéria (Author)
Corporate Author: Múzeum Vojtecha Löfflera (Author)
Format: Article
Language:Slovak
Subjects:

MARC

LEADER 00000nab a2200000 a 4500
001 vtls000894136
003 SK-MaSNL
005 20260303224405.0
008 040720e19950124xo 0 slo
035 |a KE3170 
040 |a KEVKJB  |b slo  |c KEVKJB  |e AACR2 
041 0 |a slo 
044 |a xo  |c SK 
080 |a 069  |2 1981 
100 1 |a Holinková, Valéria  |4 aut  |9 878353 
245 1 0 |a Majstrov sen sa splnil  |b Päťtisíc návštevníkov v Múzeu V. Löfflera 
610 2 7 |a Múzeum Vojtecha Löfflera  |2 KEVKJB  |9 234955 
650 0 7 |a rok činnosti  |2 KEVKJB  |9 886704 
650 0 7 |a bilancovanie  |2 KEVKJB  |9 296773 
651 7 |a KE,  |2 KEVKJB  |9 877256 
651 7 |a KE,  |2 KEVKJB  |9 877256 
655 7 |a periodikum  |2 snkbucl  |9 29553 
710 2 |a Múzeum Vojtecha Löfflera  |4 aut  |9 234955 
773 0 8 |t Korzo  |g Roč. 2  |g Roč. 28, č.19, 24.1.1995, s. 5 
852 |a ZVYKNI  |b KIS3GCP 
999 |c 2252012  |d 2253942